[Event "ICS rated standard match"]
[Site "204.178.125.65"]
[Date "1999.12.09"]
[Round "?"]
[White "Hossa"]
[Black "star"]
[Result "1-0"]
[WhiteElo "2213"]
[BlackElo "2409"]
[PlyCount "33"]

1. e4 c5 2. Nf3 Nc6 3. d4 cxd4 4. Nxd4 e6 5. Nc3 d5 6. Bb5 Bd6 7. exd5 exd5 8.
Nxc6 bxc6 9. Bxc6+ Bd7 10. Bxa8 Qxa8 11. Qxd5 Qxd5 12. Nxd5 Ne7 13. Bf4 Nxd5
14. Bxd6 Bg4 15. h3 Kd7 16. hxg4 Re8+ 17. Kf1 1-0

[Event "ICS rated standard match"]
[Site "204.178.125.65"]
[Date "1999.12.09"]
[Round "?"]
[White "star"]
[Black "Hossa"]
[Result "1-0"]
[WhiteElo "2385"]
[BlackElo "2237"]
[PlyCount "157"]

1. a3 d5 2. g3 e5 3. e3 Nf6 4. d4 exd4 5. exd4 Bd6 6. Bg2 O-O 7. Ne2 Re8 8.
Nbc3 c6 9. Qd3 g6 10. Bg5 Bf5 11. Qd2 Nbd7 12. f3 Nb6 13. b3 a5 14. O-O a4 15.
g4 Bd7 16. Qc1 axb3 17. cxb3 c5 18. Qd2 cxd4 19. Qxd4 Be5 20. Qd2 Qb8 21. f4
Bxc3 22. Nxc3 Nxg4 23. Qd4 Qd6 24. Rae1 Rac8 25. Rxe8+ Rxe8 26. Ra1 h6 27. Bh4
g5 28. Bg3 Rc8 29. fxg5 Qc5 30. Ne2 hxg5 31. Re1 Qxd4+ 32. Nxd4 Rc3 33. Bf3 Rd3
34. Rd1 Rxd1+ 35. Bxd1 Nf6 36. Bc7 Na8 37. Bd8 Ne4 38. b4 g4 39. Bb3 Be6 40.
Kg2 Nd2 41. Bd1 Bc8 42. Kg3 Nf1+ 43. Kf2 Nxh2 44. Kg2 Nf3 45. Nxf3 gxf3+ 46.
Kxf3 Kf8 47. Ba4 Bf5 48. Kf4 Bh3 49. Ke5 Bg4 50. Kxd5 f6 51. Bb5 Kg7 52. Bf1
Kg6 53. Bg2 Bc8 54. a4 Kg7 55. a5 Kf7 56. Kc5 Ke8 57. Bxf6 Kf7 58. Be5 Kg6 59.
Be4+ Kf7 60. Kd6 Kf8 61. Bd5 Ke8 62. Bg7 Kd8 63. Be4 b6 64. Bf6+ Ke8 65. Bxa8
bxa5 66. b5 Bh3 67. b6 Bc8 68. Kc7 Ba6 69. Bb7 Bxb7 70. Kxb7 Kd7 71. Ka6 a4 72.
b7 a3 73. b8=Q Ke6 74. Qe5+ Kf7 75. Be7 a2 76. Qf6+ Ke8 77. Ba3 Kd7 78. Kb7 Ke8
79. Qe7# 1-0

[Event "ICS rated blitz match"]
[Site "204.178.125.65"]
[Date "1999.12.09"]
[Round "?"]
[White "Amateur"]
[Black "Hossa"]
[Result "0-1"]
[WhiteElo "2430"]
[BlackElo "2496"]
[PlyCount "118"]

1. g3 e5 2. c4 Nf6 3. Bg2 Nc6 4. Nf3 Bc5 5. O-O d6 6. Nc3 Be6 7. Qb3 Rb8 8. d3
O-O 9. Bg5 h6 10. Bxf6 Qxf6 11. Ne4 Qe7 12. Nxc5 dxc5 13. Rae1 Rfd8 14. Qa4 a6
15. b3 Bg4 16. Nh4 Nd4 17. Nf3 Bxf3 18. exf3 Qd6 19. Re4 f5 20. Ree1 c6 21. Qa5
b6 22. Qd2 Rd7 23. Qc1 Rbd8 24. f4 exf4 25. Qxf4 Qxf4 26. gxf4 g5 27. fxg5 hxg5
28. Re5 Kg7 29. Rfe1 a5 30. Kh1 Kf7 31. Kg1 Rh8 32. Kh1 Kf6 33. Bxc6 Rdh7 34.
Bg2 Rxh2+ 35. Kg1 g4 36. Re8 R2h7 37. Rxh8 Rxh8 38. Bd5 Rh3 39. Re8 Rxd3 40.
Kg2 Rd2 41. Rb8 Rxa2 42. Rxb6+ Ke5 43. Rb8 Kf4 44. Kg1 Rb2 45. Rc8 Nxb3 46. Ra8
Ra2 47. Rh8 Nc1 48. Be6 Rd2 49. Rf8 Ne2+ 50. Kg2 Nd4 51. Bd5 g3 52. Rf7 Rxf2+
53. Kh1 Nc2 54. Bg2 Ne3 55. Rb7 Nxg2 56. Rb3 Nh4 57. Rf3+ Kxf3 58. Kg1 f4 59.
Kh1 Rf1# 0-1

[Event "ICS rated blitz match"]
[Site "204.178.125.65"]
[Date "1999.12.09"]
[Round "?"]
[White "Hossa"]
[Black "PostModernist"]
[Result "0-1"]
[WhiteElo "2530"]
[BlackElo "2689"]
[PlyCount "172"]

1. d4 d6 2. Nf3 g6 3. e4 Nf6 4. Bd3 Bg7 5. O-O O-O 6. Bg5 Nc6 7. Nbd2 Bd7 8. c3
e5 9. Qb3 exd4 10. cxd4 Re8 11. Rac1 Rb8 12. Qc4 b5 13. Qc3 a5 14. Nb3 a4 15.
Nbd2 Qe7 16. Rc2 Qf8 17. Rfc1 b4 18. Qc4 b3 19. Bxf6 bxc2 20. Bxg7 Qxg7 21.
Rxc2 Nb4 22. Rc1 c6 23. Bb1 Be6 24. Qe2 Bxa2 25. Bxa2 Nxa2 26. Rxc6 Rxb2 27.
Qc4 a3 28. Qa4 Qh6 29. Rc7 Rf8 30. Qa5 Qf4 31. Rc4 Rfb8 32. g3 Qh6 33. Kg2 d5
34. exd5 Nb4 35. Qxa3 Nxd5 36. Qd6 R2b5 37. Rc5 Nb4 38. Rc7 Qf8 39. Ne4 Nd5 40.
Ra7 Rd8 41. Qe5 Ne3+ 42. fxe3 Rxe5 43. Nxe5 f5 44. Ng5 Qf6 45. Nxh7 Qb6 46. Rf7
Rd6 47. Kh3 Qa6 48. Ng5 Qf1+ 49. Kh4 Qe2 50. Ngf3 Qxe3 51. g4 Qf2+ 52. Kg5 fxg4
53. Nxg4 Qg2 54. Rf4 Ra6 55. Nfe5 Qd2 56. Nc4 Qb4 57. Nce5 Qe7+ 58. Rf6 Rxf6
59. Nxf6+ Kg7 60. Neg4 Qe6 61. d5 Qf5+ 62. Kh4 g5+ 63. Kg3 Qf1 64. Ne8+ Kg8 65.
Ngf6+ Kf7 66. d6 Qg1+ 67. Kf3 Qxh2 68. Ke4 Qe2+ 69. Kd5 g4 70. d7 Qe6+ 71. Kc5
Ke7 72. Nd5+ Kd8 73. Nb6 Qf5+ 74. Kc6 Qe4+ 75. Kd6 g3 76. Nc7 Qf4+ 77. Kd5 Kxc7
78. Ke6 Qd6+ 79. Kf5 g2 80. d8=Q+ Qxd8 81. Nc4 g1=Q 82. Ne5 Qf2+ 83. Nf3 Qxf3+
84. Kg6 Qdf6+ 85. Kh7 Qe4+ 86. Kg8 Qeg6# 0-1

[Event "ICS rated blitz match"]
[Site "204.178.125.65"]
[Date "1999.12.09"]
[Round "?"]
[White "PostModernist"]
[Black "Hossa"]
[Result "1/2-1/2"]
[WhiteElo "2698"]
[BlackElo "2521"]
[PlyCount "202"]

1. Nf3 Nf6 2. c4 g6 3. d4 Bg7 4. g3 c6 5. Bg2 O-O 6. O-O d5 7. cxd5 cxd5 8. Bf4
Nc6 9. Nc3 Bf5 10. Ne5 Rc8 11. Rc1 e6 12. Nb5 a6 13. Nxc6 Rxc6 14. Rxc6 bxc6
15. Nd6 Qa5 16. a3 Qb6 17. b4 Ne4 18. Nxf5 exf5 19. e3 a5 20. bxa5 Qxa5 21. Qc2
Qxa3 22. Qxc6 Rd8 23. Bc7 Qa8 24. Qxa8 Rxa8 25. Bf4 Bf6 26. Rc1 g5 27. Bc7 g4
28. Bf4 Kg7 29. f3 gxf3 30. Bxf3 Be7 31. h4 Ra2 32. Rc6 Ra1+ 33. Kh2 Ra2+ 34.
Bg2 Bf6 35. Rb6 Ra5 36. Rb8 h5 37. Rb2 Kh7 38. Bf3 Kg6 39. Kh3 Ra8 40. Bxe4
dxe4 41. Rb6 Kg7 42. Bh6+ Kxh6 43. Rxf6+ Kg7 44. Rxf5 Ra3 45. Rxh5 Rxe3 46.
Rg5+ Kh7 47. Re5 f6 48. Re7+ Kg6 49. d5 f5 50. Kg2 Re2+ 51. Kg1 Rd2 52. Re5 Kf6
53. Re6+ Kf7 54. g4 Rxd5 55. gxf5 Rxf5 56. Rxe4 Kg7 57. Kg2 Kh8 58. Rg4 Rh5 59.
Kf3 Rf5+ 60. Ke4 Rh5 61. Kd3 Rd5+ 62. Ke3 Re5+ 63. Kf4 Rd5 64. Kg3 Rd3+ 65. Kf2
Rd2+ 66. Ke3 Rh2 67. Kf4 Rf2+ 68. Kg3 Rf1 69. Kg2 Re1 70. Kf2 Rh1 71. Kf3 Rf1+
72. Ke2 Rf5 73. Kd2 Rf2+ 74. Kd3 Rf3+ 75. Ke4 Rh3 76. Kf5 Rf3+ 77. Kg6 Rh3 78.
h5 Rh2 79. Rg5 Rh1 80. Ra5 Rg1+ 81. Kh6 Rg2 82. Ra8+ Rg8 83. Rxg8+ Kxg8 84. Kg6
Kh8 85. Kf6 Kh7 86. Kf5 Kh6 87. Kg4 Kh7 88. Kh3 Kh6 89. Kg4 Kh7 90. Kg5 Kg7 91.
h6+ Kh7 92. Kh5 Kh8 93. Kg6 Kg8 94. Kg5 Kh7 95. Kh5 Kh8 96. Kg4 Kh7 97. Kg5 Kh8
98. Kf5 Kh7 99. Kg5 Kh8 100. Kf6 Kh7 101. Kg5 Kh8 1/2-1/2

[Event "ICS rated blitz match"]
[Site "204.178.125.65"]
[Date "1999.12.09"]
[Round "?"]
[White "Hossa"]
[Black "PostModernist"]
[Result "0-1"]
[WhiteElo "2529"]
[BlackElo "2690"]
[PlyCount "128"]

1. a3 Nf6 2. Nf3 d5 3. d4 e6 4. Bg5 Bd6 5. e3 O-O 6. c4 c5 7. dxc5 Bxc5 8. Nc3
Be7 9. Bd3 dxc4 10. Bxc4 Qc7 11. Bd3 Nc6 12. O-O Rd8 13. Qc2 g6 14. Rad1 Bd7
15. Ne4 Nd5 16. Bxe7 Ncxe7 17. Qxc7 Nxc7 18. Nf6+ Kg7 19. Nxd7 Rxd7 20. Be4
Ned5 21. Bxd5 Rxd5 22. e4 Rdd8 23. Rd4 Nb5 24. Rb4 a6 25. a4 Nd6 26. Rd1 Nc4
27. Rxd8 Rxd8 28. Kf1 Na5 29. Ke2 Rc8 30. Rd4 Rc2+ 31. Rd2 Rc4 32. Rd4 Rxd4 33.
Nxd4 e5 34. Nf3 f6 35. Kd3 b5 36. axb5 axb5 37. g4 Nb3 38. Ke3 Kf7 39. g5 Nc5
40. h4 Ne6 41. Kd2 b4 42. Kc2 Nc5 43. Nd2 Kg7 44. gxf6+ Kxf6 45. f3 h5 46. Nc4
g5 47. hxg5+ Kxg5 48. Nxe5 h4 49. b3 Kf4 50. Ng6+ Kg3 51. Ne5 h3 52. Ng4 Nxe4
53. Kb2 Nf2 54. Ne3 Kxf3 55. Nf1 Ng4 56. Kc1 Kg2 57. Nd2 h2 58. Kb2 h1=Q 59.
Nc4 Qd1 60. Na5 Nf2 61. Nc4 Nd3+ 62. Ka2 Qc2+ 63. Ka1 Kg1 64. Na5 Qb2# 0-1

[Event "ICS rated blitz match"]
[Site "204.178.125.65"]
[Date "1999.12.09"]
[Round "?"]
[White "PostModernist"]
[Black "Hossa"]
[Result "0-1"]
[WhiteElo "2719"]
[BlackElo "2547"]
[PlyCount "140"]

1. c4 e5 2. Nc3 Nf6 3. Nf3 Nc6 4. g3 Bc5 5. Bg2 d6 6. d3 O-O 7. O-O Bg4 8. h3
Be6 9. Bg5 h6 10. Bxf6 Qxf6 11. Ne4 Qd8 12. Nxc5 dxc5 13. Qc1 Qd7 14. h4 Qd6
15. Qe3 Bg4 16. Rfe1 Bxf3 17. Qxf3 Rad8 18. b3 a6 19. Rad1 Rfe8 20. e3 Qe6 21.
Kh2 Rd6 22. Bh3 Qe7 23. Qe4 Red8 24. Kg1 Nb4 25. d4 Nxa2 26. Ra1 Nb4 27. dxe5
Nd3 28. Reb1 Qxe5 29. Qxe5 Nxe5 30. Ra5 Rd1+ 31. Rxd1 Rxd1+ 32. Kg2 Nd3 33. Bf5
Rd2 34. Bxd3 Rxd3 35. Rxc5 c6 36. b4 Rb3 37. Re5 Kf8 38. b5 axb5 39. cxb5 Rxb5
40. Rxb5 cxb5 41. Kf3 Ke7 42. Ke4 b4 43. Kd4 b5 44. g4 Kd6 45. h5 Kc6 46. f3
Kb6 47. Kd3 Ka5 48. Kc2 Ka4 49. Kb2 b3 50. f4 Kb4 51. e4 Kc4 52. g5 Kd4 53. g6
fxg6 54. e5 Kd5 55. hxg6 h5 56. Kxb3 h4 57. Kb4 h3 58. e6 Kxe6 59. Kxb5 h2 60.
Kb6 Kf5 61. Ka6 Kxf4 62. Kb6 Ke5 63. Ka6 Kd5 64. Kb6 h1=Q 65. Kc7 Qg1 66. Kd7
Qxg6 67. Ke7 Qf5 68. Kd8 Kd6 69. Ke8 g6 70. Kd8 Qf8# 0-1

[Event "ICS rated blitz match"]
[Site "204.178.125.65"]
[Date "1999.12.09"]
[Round "?"]
[White "Hossa"]
[Black "PostModernist"]
[Result "0-1"]
[WhiteElo "2570"]
[BlackElo "2696"]
[PlyCount "88"]

1. c4 e5 2. g3 Nc6 3. Nc3 f5 4. Bh3 d6 5. Nf3 e4 6. Ng1 Be7 7. d4 Nf6 8. e3 d5
9. cxd5 Nb4 10. Bf1 O-O 11. Nh3 Nfxd5 12. Nf4 Nxf4 13. gxf4 Be6 14. a3 Nd5 15.
Rg1 c5 16. Bh3 cxd4 17. exd4 Qb6 18. Nxd5 Bxd5 19. Qd2 Rac8 20. b4 e3 21. fxe3
Bh4+ 22. Rg3 Bxg3+ 23. hxg3 Qg6 24. Qh2 Qh5 25. Bd2 Rf6 26. e4 Bxe4 27. Rc1 Rd8
28. Rc3 Rh6 29. Re3 Qxh3 30. Qxh3 Rxh3 31. Bc3 h5 32. b5 h4 33. Kd2 hxg3 34.
Ke2 g2 35. Rxh3 g1=Q 36. Re3 Qg2+ 37. Ke1 Bf3 38. Rxf3 Re8+ 39. Kd1 Qxf3+ 40.
Kc2 Rc8 41. Kb1 Qxc3 42. Ka2 Qc2+ 43. Ka1 Rc3 44. a4 Ra3# 0-1

[Event "ICS rated standard match"]
[Site "204.178.125.65"]
[Date "1999.12.09"]
[Round "?"]
[White "SPIKE-1"]
[Black "Hossa"]
[Result "1-0"]
[WhiteElo "2510"]
[BlackElo "2227"]
[PlyCount "139"]

1. Nf3 Nf6 2. d4 d5 3. Bf4 e6 4. e3 Bd6 5. Bxd6 cxd6 6. c4 dxc4 7. Bxc4 d5 8.
Bd3 O-O 9. Nc3 b6 10. Qa4 Bd7 11. Qa3 Nc6 12. O-O Qe7 13. Qxe7 Nxe7 14. Rac1
Rfc8 15. Ba6 Rc7 16. Ne5 Bc8 17. Bd3 Bd7 18. Rc2 Ng6 19. Nxg6 fxg6 20. Rfc1 Kh8
21. Ba6 Bc8 22. Be2 Bd7 23. h4 a5 24. g4 Rac8 25. g5 Ng8 26. Ba6 Ra8 27. Bd3
Ne7 28. Ne2 Rxc2 29. Rxc2 Rc8 30. Rxc8+ Nxc8 31. Nf4 Kg8 32. Bc2 Nd6 33. Kg2
Nc4 34. b3 Nd2 35. f3 Kf7 36. Kf2 Bb5 37. Ne2 Ba6 38. Nc3 Ke7 39. a4 Kf7 40.
Nb5 Bxb5 41. axb5 a4 42. bxa4 Ke7 43. Bd3 Kd7 44. e4 Kd6 45. Bc2 Nc4 46. Bb3
Nd2 47. e5+ Kd7 48. Ba2 Kc8 49. Ke2 Nc4 50. Bxc4 dxc4 51. Kd2 Kd7 52. Kc3 Ke8
53. Kxc4 h6 54. Kb4 Kd7 55. a5 hxg5 56. hxg5 bxa5+ 57. Kxa5 Kc7 58. b6+ Kc6 59.
Ka6 Kd5 60. b7 Kxd4 61. b8=Q Ke3 62. Qb3+ Kd2 63. Qb4+ Ke3 64. Qg4 Kf2 65. Kb5
Kf1 66. Kc4 Ke2 67. Qg2+ Ke3 68. Kc3 Kf4 69. Kd4 Kf5 70. Qg4# 1-0

[Event "ICS rated blitz match"]
[Site "204.178.125.65"]
[Date "1999.12.09"]
[Round "?"]
[White "Hossa"]
[Black "PostModernist"]
[Result "1-0"]
[WhiteElo "2560"]
[BlackElo "2694"]
[PlyCount "101"]

1. Nf3 c5 2. e4 d6 3. d4 Nf6 4. dxc5 Qa5+ 5. Bd2 Qxc5 6. Bd3 Nc6 7. O-O Bd7 8.
Nc3 e6 9. Be3 Qa5 10. Nd2 O-O-O 11. Nc4 Qh5 12. Nb5 Kb8 13. Ncxd6 Bxd6 14. Nxd6
Be8 15. Qxh5 Nxh5 16. Bc5 b6 17. Ba3 Nd4 18. f4 Rd7 19. e5 g6 20. c3 Nc6 21.
Rad1 Ng7 22. Ba6 Nf5 23. Nxe8 Rxd1 24. Rxd1 Rxe8 25. g4 Nfe7 26. Rd7 Nc8 27.
Rb7+ Ka8 28. Rxf7 N8e7 29. Bb5 a6 30. Rxe7 Nxe7 31. Bxe8 Nc8 32. Bf7 b5 33.
Bxe6 b4 34. Bxc8 bxa3 35. bxa3 Kb8 36. Bxa6 Kc7 37. Bb5 Kd8 38. f5 gxf5 39.
gxf5 Ke7 40. Bc4 Kf8 41. f6 Ke8 42. e6 h5 43. Bb5+ Kf8 44. Bd3 Ke8 45. Bg6+ Kd8
46. e7+ Kc7 47. f7 h4 48. f8=Q Kb7 49. e8=Q Kb6 50. Qb4+ Ka6 51. Qa8# 1-0

[Event "ICS rated blitz match"]
[Site "204.178.125.65"]
[Date "1999.12.09"]
[Round "?"]
[White "Amateur"]
[Black "Hossa"]
[Result "1-0"]
[WhiteElo "2400"]
[BlackElo "2582"]
[PlyCount "157"]

1. e4 e5 2. Nf3 Nc6 3. Bb5 a6 4. Ba4 Nf6 5. O-O Nxe4 6. d4 b5 7. Bb3 d5 8. dxe5
Be6 9. c3 Be7 10. Nbd2 Nc5 11. Nd4 Nxd4 12. cxd4 Nxb3 13. Nxb3 O-O 14. Bf4 f6
15. Rc1 fxe5 16. Bxe5 Ra7 17. Qe2 Bf7 18. Na5 Be8 19. Nc6 Bxc6 20. Rxc6 Rf7 21.
Qc2 Bb4 22. Qb3 Ba5 23. Rc5 Rd7 24. Rc6 Rf7 25. a3 Bb6 26. Re6 Qd7 27. Qh3 Ra8
28. Re1 Re8 29. Rxe8+ Qxe8 30. Qc3 Qf8 31. Qg3 Re7 32. Qb3 Qf7 33. Qc3 Qf5 34.
Rf1 Qe4 35. b3 Ba7 36. Rc1 c5 37. Qh3 Qg6 38. Qc8+ Kf7 39. Qh3 Kg8 40. Qc8+ Kf7
41. Qd8 Qe4 42. h3 c4 43. Bd6 Bxd4 44. Bxe7 Bxf2+ 45. Kf1 Qd3+ 46. Kxf2 Qd2+
47. Kg3 Qxc1 48. Qf8+ Ke6 49. Qxg7 Qe1+ 50. Kh2 Qe5+ 51. Qxe5+ Kxe5 52. bxc4
bxc4 53. Kg3 c3 54. Kf3 d4 55. Bg5 Kd5 56. h4 d3 57. Ke3 Kc4 58. Bf6 c2 59. Bb2
Kb3 60. Bc1 Kc3 61. h5 d2 62. Bxd2+ Kb2 63. g4 a5 64. g5 Kb3 65. Bc1 Kc4 66. g6
hxg6 67. hxg6 Kd5 68. g7 Kc6 69. g8=Q Kb7 70. Qd5+ Kb6 71. a4 Kc7 72. Qxa5+ Kb7
73. Qb5+ Kc8 74. a5 Kc7 75. a6 Kd6 76. a7 Ke7 77. a8=Q Kf6 78. Qf8+ Ke6 79.
Qbf5# 1-0

[Event "ICS rated blitz match"]
[Site "204.178.125.65"]
[Date "1999.12.09"]
[Round "?"]
[White "Hossa"]
[Black "Amateur"]
[Result "0-1"]
[WhiteElo "2558"]
[BlackElo "2424"]
[PlyCount "160"]

1. Nf3 Nf6 2. d4 e6 3. c4 Bb4+ 4. Bd2 Nc6 5. e3 O-O 6. Bxb4 Nxb4 7. Nc3 d5 8.
a3 Nc6 9. Bd3 dxc4 10. Bxc4 Nd5 11. O-O Nxc3 12. bxc3 Bd7 13. Qc2 Qf6 14. Rfb1
b6 15. Bd3 Qh6 16. Rb5 Ne7 17. Rb2 f6 18. Rab1 Qh5 19. e4 Rad8 20. Bb5 c6 21.
Be2 Qa5 22. Qb3 c5 23. Bc4 Rf7 24. Rd2 Bc8 25. d5 exd5 26. exd5 Rd6 27. Re1 Bd7
28. Rde2 Ba4 29. Qa2 Ng6 30. Nd2 f5 31. Qb2 b5 32. Bb3 Rd8 33. Re8+ Rf8 34.
Rxf8+ Kxf8 35. Nb1 Bxb3 36. Qxb3 Ne7 37. Rd1 c4 38. Qc2 Qc7 39. g4 Qe5 40. h3
Rxd5 41. gxf5 Rxd1+ 42. Qxd1 Qxf5 43. h4 Qg6+ 44. Kh2 Qf6 45. Kh3 Qxf2 46. Qh1
Qe3+ 47. Kh2 Qe5+ 48. Kh3 Qe6+ 49. Kh2 Qg4 50. Qe1 Ng6 51. Qf2+ Kg8 52. Nd2
Qxh4+ 53. Qxh4 Nxh4 54. Kg3 Nf5+ 55. Kf4 g6 56. Nf3 Kg7 57. Ng5 h6 58. Ne4 h5
59. Ke5 Kh6 60. Ke6 Ne3 61. Nd6 h4 62. Ne4 Nd1 63. Kd5 Nxc3+ 64. Nxc3 h3 65.
Ne4 h2 66. Nf2 c3 67. Ng4+ Kh5 68. Nxh2 c2 69. Nf1 c1=Q 70. Ng3+ Kg4 71. Ne4
Qxa3 72. Nd6 Qb4 73. Kc6 Qd4 74. Kd7 b4 75. Kc7 b3 76. Nf5 gxf5 77. Kc6 b2 78.
Kb7 Qd5+ 79. Ka6 b1=Q 80. Kxa7 Qbb7# 0-1

[Event "ICS unrated blitz match"]
[Site "204.178.125.65"]
[Date "1999.12.09"]
[Round "?"]
[White "DiepX"]
[Black "Hossa"]
[Result "1-0"]
[WhiteElo "2531"]
[BlackElo "2533"]
[PlyCount "67"]

1. e4 e5 2. Nf3 Nc6 3. d4 exd4 4. Nxd4 Nf6 5. Nxc6 bxc6 6. e5 Qe7 7. Qe2 Nd5 8.
c4 Nb6 9. Nd2 Qe6 10. b3 Bc5 11. Bb2 O-O 12. O-O-O Ba6 13. f4 Qh6 14. Qf3 Bb7
15. g4 Rab8 16. h4 d5 17. g5 Qe6 18. f5 Qe8 19. f6 Bb4 20. fxg7 dxc4 21.
gxf8=Q+ Qxf8 22. Nxc4 c5 23. Qf5 Bxh1 24. Bd3 Qg7 25. e6 Bc3 26. Qxf7+ Qxf7 27.
exf7+ Kf8 28. Bxc3 Bf3 29. Rf1 Bh5 30. Bxh7 Nd5 31. Bb2 Be2 32. Rf2 Bxc4 33.
bxc4 Nb4 34. Bb1 1-0

[Event "ICS unrated blitz match"]
[Site "204.178.125.65"]
[Date "1999.12.09"]
[Round "?"]
[White "Hossa"]
[Black "DiepX"]
[Result "1-0"]
[WhiteElo "2533"]
[BlackElo "2531"]
[PlyCount "23"]

1. e4 e5 2. Nf3 Nc6 3. Bb5 a6 4. Ba4 Nf6 5. O-O b5 6. Bb3 Bc5 7. d3 h6 8. Nxe5
Nxe5 9. d4 Nxe4 10. dxc5 Bb7 11. Re1 O-O 12. f3 1-0

[Event "ICS unrated blitz match"]
[Site "204.178.125.65"]
[Date "1999.12.09"]
[Round "?"]
[White "DiepX"]
[Black "Hossa"]
[Result "0-1"]
[WhiteElo "2531"]
[BlackElo "2533"]
[PlyCount "64"]

1. e4 e5 2. Nf3 Nc6 3. d4 exd4 4. Nxd4 Nf6 5. Nxc6 bxc6 6. e5 Qe7 7. Qe2 Nd5 8.
c4 Ba6 9. b3 Rb8 10. Bb2 Qg5 11. g3 Bb4+ 12. Kd1 O-O 13. f4 Qh6 14. Qe4 Ne7 15.
Bd3 c5 16. Qe2 Nc6 17. Nd2 Nd4 18. Bxd4 cxd4 19. Kc2 c5 20. Ne4 Bb7 21. Rhf1
Bxe4 22. Bxe4 Bc3 23. Rab1 Qa6 24. a4 Qh6 25. h4 Rfe8 26. Qd3 Rb4 27. Rf2 a6
28. h5 Kh8 29. g4 Reb8 30. Bg6 fxg6 31. g5 Qxh5 32. Qg3 Rxb3 0-1

[Event "ICS rated blitz match"]
[Site "204.178.125.65"]
[Date "1999.12.09"]
[Round "?"]
[White "counterplay"]
[Black "Hossa"]
[Result "1/2-1/2"]
[WhiteElo "2558"]
[BlackElo "2530"]
[PlyCount "54"]

1. Nf3 Nf6 2. c4 g6 3. Nc3 c5 4. d4 cxd4 5. Nxd4 Bg7 6. e4 d6 7. Be2 O-O 8. Be3
Nc6 9. O-O Bd7 10. Qd2 Nxd4 11. Bxd4 Bc6 12. f3 Qa5 13. Rfd1 Rfc8 14. a3 Qh5
15. b3 Qh4 16. g3 Qh5 17. g4 Qh3 18. g5 Ne8 19. Bxg7 Nxg7 20. Nd5 Bxd5 21. cxd5
Nh5 22. Rf1 Ng3 23. hxg3 Qxg3+ 24. Kh1 Qh3+ 25. Kg1 Qg3+ 26. Kh1 Qh3+ 27. Kg1
Qg3+ 1/2-1/2

[Event "ICS unrated blitz match"]
[Site "204.178.125.65"]
[Date "1999.12.09"]
[Round "?"]
[White "Hossa"]
[Black "DiepX"]
[Result "1-0"]
[WhiteElo "2530"]
[BlackElo "2531"]
[PlyCount "81"]

1. c4 c6 2. e4 d5 3. exd5 cxd5 4. d4 Nf6 5. Nc3 e6 6. Nf3 Bb4 7. a3 Bxc3+ 8.
bxc3 O-O 9. Be2 dxc4 10. Bxc4 Qc7 11. Qd3 Bd7 12. Ba2 Bb5 13. c4 Rc8 14. Nd2
Bc6 15. O-O Nbd7 16. Re1 Nf8 17. Rb1 Rd8 18. f3 Ng6 19. Ne4 Bxe4 20. fxe4 e5
21. d5 Nd7 22. Rf1 f6 23. Be3 Nc5 24. Qc2 Rac8 25. Rb5 b6 26. Bxc5 bxc5 27.
Rfb1 Qe7 28. Qf2 Rc7 29. R1b3 Qd6 30. Rb8 Nf8 31. R3b5 Rdc8 32. Qf5 Qd7 33.
Qxd7 Nxd7 34. Rxc8+ Rxc8 35. Rb7 Nf8 36. Bb3 a6 37. Ba4 Ng6 38. Bc2 Rd8 39. Rb6
a5 40. Rb5 Nf4 41. Kf1 1-0

[Event "ICS unrated blitz match"]
[Site "204.178.125.65"]
[Date "1999.12.09"]
[Round "?"]
[White "DiepX"]
[Black "Hossa"]
[Result "0-1"]
[WhiteElo "2531"]
[BlackElo "2530"]
[PlyCount "244"]

1. d4 d6 2. e4 g6 3. Nc3 Bg7 4. f4 Nf6 5. Nf3 O-O 6. Bd3 c6 7. O-O d5 8. e5 Ng4
9. h3 Nh6 10. g4 Na6 11. Be3 Nb4 12. Be2 Bd7 13. a3 Na6 14. Bxa6 bxa6 15. Na4
Rb8 16. b3 f5 17. g5 Nf7 18. Nc5 Bc8 19. Bd2 Re8 20. b4 e6 21. a4 Qe7 22. a5
Rb5 23. Ne1 Nd8 24. Ned3 Rf8 25. Kg2 Rf7 26. Rh1 Nb7 27. c3 Nxc5 28. Nxc5 h6
29. gxh6 Bxh6 30. Qf3 Qh4 31. Kf1 Re7 32. Rg1 Rg7 33. Rg3 Rb8 34. Kf2 Qh5 35.
Qg2 Qh4 36. Qf3 Qh5 37. Qe3 Kf7 38. Rag1 Rg8 39. Kg2 Bf8 40. Nd3 Be7 41. Kh2
Bd7 42. R3g2 Rb5 43. Be1 Rg7 44. Rg3 Kg8 45. R3g2 Be8 46. Bf2 Rh7 47. Rg3 Kg7
48. Nc5 Bf7 49. Nxa6 Bh4 50. R3g2 Be7 51. Qg3 Rh6 52. Qd3 Rh7 53. Nc5 Rb8 54.
Nb3 Rbh8 55. Rg3 Bh4 56. R1g2 Bxg3+ 57. Rxg3 Qh6 58. Qf3 Kf8 59. Be3 Qh4 60.
Nd2 Kg7 61. Qg2 Qh5 62. Nf3 Rb8 63. Qf1 Rb5 64. Rg5 Qh6 65. Bf2 Kg8 66. Bh4 Kf8
67. Qf2 Ke8 68. Qe3 Kd7 69. Rg3 Kc7 70. Bf6 Qf8 71. Ng5 Rh5 72. Qg1 Bg8 73. Rg2
Qh6 74. Qe3 Kb7 75. Rc2 Kb8 76. Be7 a6 77. c4 dxc4 78. Rxc4 Kb7 79. Qc3 Qg7 80.
Qf3 Rd5 81. Bc5 Rh8 82. Rc2 Qh6 83. b5 cxb5 84. Bd6 Qg7 85. Qc3 Qd7 86. Nf3 Ka8
87. Qb4 Rh7 88. Rc7 Qe8 89. Qc3 Rxc7 90. Qxc7 b4 91. Qb6 Qc8 92. Qxb4 Rb5 93.
Qd2 Qc6 94. Qd3 Rxa5 95. Kg3 Rd5 96. Kh4 Qb6 97. Kg5 Qb5 98. Qc3 Qe8 99. Qc7
Rb5 100. Qc4 Rb6 101. Nd2 Rc6 102. Qb3 Bf7 103. Nc4 Qd8+ 104. Kh6 Qg8 105. Nb6+
Ka7 106. Nd7 Qh8+ 107. Kg5 Qd8+ 108. Nf6 Ka8 109. Qa4 Qb6 110. Kh6 Rc3 111. Kg7
Qb7 112. Qd7 Qxd7 113. Nxd7 Be8 114. Nf6 Bb5 115. Kxg6 Rxh3 116. d5 Rg3+ 117.
Kh5 exd5 118. Nxd5 Kb7 119. e6 Rd3 120. Nc7 Rxd6 121. Nxb5 axb5 122. e7 Re6 0-1

[Event "ICS rated blitz match"]
[Site "204.178.125.65"]
[Date "1999.12.09"]
[Round "?"]
[White "Beadle"]
[Black "Hossa"]
[Result "1-0"]
[WhiteElo "2599"]
[BlackElo "2530"]
[PlyCount "83"]

1. e4 c5 2. c3 Nf6 3. e5 Nd5 4. d4 cxd4 5. cxd4 Qa5+ 6. Qd2 Qxd2+ 7. Bxd2 Nc6
8. Nf3 d6 9. Nc3 Nxc3 10. bxc3 dxe5 11. d5 e4 12. Ng5 Ne5 13. Nxe4 a6 14. f4
Ng4 15. Bd3 Nf6 16. Nxf6+ gxf6 17. Be3 b5 18. a4 bxa4 19. Rxa4 Bg7 20. f5 Rg8
21. Rh4 Rh8 22. O-O Bb7 23. c4 Rd8 24. Re1 Rd7 25. Bc2 Kf8 26. Bc5 Kg8 27. Ba4
Rd8 28. Rxe7 Ba8 29. Be8 Bxd5 30. cxd5 h6 31. Bxf7+ Kh7 32. Bg6+ Kg8 33. Rb4
Rh7 34. Rg4 Kh8 35. Bxh7 Rxd5 36. Rexg7 Rd1+ 37. Kf2 Rd2+ 38. Ke1 Rd8 39. Bg8
Re8+ 40. Kf1 Re7 41. Rxe7 a5 42. Rh7# 1-0

[Event "ICS rated blitz match"]
[Site "204.178.125.65"]
[Date "1999.12.09"]
[Round "?"]
[White "Hossa"]
[Black "Beadle"]
[Result "1-0"]
[WhiteElo "2517"]
[BlackElo "2613"]
[PlyCount "147"]

1. e4 Nf6 2. e5 Nd5 3. c4 Nb6 4. d4 d6 5. exd6 exd6 6. Nf3 Nc6 7. d5 Ne5 8.
Nbd2 Bg4 9. Be2 Bf5 10. O-O Qf6 11. Nd4 O-O-O 12. Nxf5 Qxf5 13. a4 g5 14. a5
Nbd7 15. a6 b6 16. Re1 Be7 17. Nb3 Bf6 18. Nd4 Qe4 19. Nb5 Kb8 20. Ra3 Nc5 21.
b4 Nxc4 22. f3 Qb1 23. Bxc4 Qxb4 24. Qe2 Rhg8 25. h3 h6 26. Kh1 Rd7 27. Bd2 Qb2
28. Qd1 Re7 29. Rxe7 Bxe7 30. Bc3 Qf2 31. Nd4 Qh4 32. Nc6+ Ka8 33. Nxe7 Re8 34.
Qe2 g4 35. Nf5 Rxe2 36. Nxh4 gxf3 37. Bxe2 fxe2 38. Nf5 Nd3 39. Ra2 Nf4 40. g3
e1=R+ 41. Bxe1 Nxd5 42. Nxh6 Kb8 43. Nxf7 Kc8 44. Rd2 Nf6 45. Re2 Kd7 46. g4
Nd5 47. h4 Nf4 48. Rd2 Ke7 49. Nh6 Ke6 50. Bg3 Nd5 51. Nf5 Nb4 52. Nxd6 cxd6
53. Rxd6+ Ke7 54. Rxb6 Nd3 55. Rb7+ Kf6 56. Rxa7 Nb4 57. Rf7+ Kxf7 58. a7 Nd5
59. a8=Q Ne7 60. Qb7 Kf6 61. Qxe7+ Kxe7 62. Kg2 Kf7 63. Kf3 Ke7 64. Ke4 Kf6 65.
g5+ Kg6 66. Bf4 Kh5 67. Kf5 Kxh4 68. g6 Kh3 69. g7 Kg2 70. g8=Q+ Kf2 71. Qg4
Kf1 72. Be3 Ke1 73. Qg2 Kd1 74. Qd2# 1-0

[Event "ICS rated blitz match"]
[Site "204.178.125.65"]
[Date "1999.12.09"]
[Round "?"]
[White "counterplay"]
[Black "Hossa"]
[Result "1-0"]
[WhiteElo "2598"]
[BlackElo "2537"]
[PlyCount "157"]

1. d4 d6 2. Nf3 g6 3. e4 Nf6 4. Nc3 Bg7 5. Bf4 Nc6 6. Qd2 Bg4 7. d5 Nb8 8. Be2
Nh5 9. Bh6 Bxh6 10. Qxh6 Nd7 11. O-O Bxf3 12. Bxf3 Nhf6 13. Be2 e6 14. dxe6
fxe6 15. Bc4 Qe7 16. Qh3 e5 17. a4 Rf8 18. a5 a6 19. Nd5 Nxd5 20. Bxd5 O-O-O
21. Rad1 Kb8 22. Qb3 Nc5 23. Qe3 Rf4 24. f3 Rdf8 25. b4 Ne6 26. Kh1 Ng5 27.
Rfe1 h6 28. Rd3 Qd7 29. Red1 Qa4 30. Qd2 Qe8 31. c3 Qe7 32. Qe3 Ne6 33. R3d2 h5
34. Rb2 Qe8 35. h3 R8f6 36. Rbd2 g5 37. Qe1 g4 38. fxg4 hxg4 39. h4 Ng7 40. g3
Rf3 41. Rg2 Qh8 42. Bc4 Qh5 43. Be2 Re3 44. Qg1 Rxc3 45. Rf1 Ne8 46. Rc1 Rxc1
47. Qxc1 Qg6 48. Qe3 Rf8 49. Kg1 Nf6 50. Rf2 Rd8 51. Bd3 d5 52. exd5 Nxd5 53.
Bxg6 Nxe3 54. Re2 Nc4 55. Re4 Rd4 56. h5 Nd2 57. Rxd4 exd4 58. h6 Nf3+ 59. Kf2
Ng5 60. h7 Nxh7 61. Bxh7 Ka7 62. Bf5 b6 63. Bxg4 Kb8 64. Kf3 bxa5 65. bxa5 c5
66. Ke4 Kc7 67. Be2 Kd6 68. Bxa6 Kc6 69. g4 Kc7 70. Kd5 Kb8 71. Kxc5 Kc7 72.
Bc4 Kb7 73. g5 Kc7 74. g6 Kb8 75. g7 Kc7 76. g8=Q Kb7 77. Qd8 Ka7 78. Qc7+ Ka8
79. Bd5# 1-0